00374nam a2200145Ia 4500008004100000020001800041041000800059082002000067100001900087245003200106250000600138260004100144300001200185650003100197210716s2010 xx 000 0 und d a9788180547812 aeng a658.312404 TRIP aTripathi, P C. aHuman resource development. a1 aNew DelhibSultan chand & sonsc2010 axix,510 aHuman Resource Development